Qualidade fisiológica e sanitária de sementes de erva-doce (Foeniculum vulgare Mill.) armazenadas (Registro n. 298939)
[ somente texto ]
| 000 -LÍDER | |
|---|---|
| fixed length control field | 04113nab a2200325 i 4500 |
| 003 - CÓDIGO MARC DA AGÊNCIA CATALOGADORA | |
| Campo de controle | BR-BrBNA |
| 005 - DATA E HORA DA ÚLTIMA ATUALIZAÇÃO | |
| Campo de controle | 20240326143323.0 |
| 008 - CAMPO DE TAMANHO FIXO | |
| fixed length control field | 240326b2012 bl.qr|pooa||| 00| 0 por | |
| 040 ## - FONTE DA CATALOGAÇÃO | |
| Agência catalogadora | BR-BrBNA |
| Idioma da catalogação | por |
| 072 ## - CATEGORIA AGRIS | |
| Código AGRIS | F03 |
| Código do objeto | 2255 |
| 072 ## - CATEGORIA AGRIS | |
| Código AGRIS | J11 |
| 100 ## - ENTRADA PRINCIPAL - NOME PESSOAL | |
| Nome pessoal | Gama, J.S.N. |
| 100 ## - ENTRADA PRINCIPAL - NOME PESSOAL | |
| Nome pessoal | Bruno, R.L.A. |
| 100 ## - ENTRADA PRINCIPAL - NOME PESSOAL | |
| Nome pessoal | Silva, K.R.G. |
| 100 ## - ENTRADA PRINCIPAL - NOME PESSOAL | |
| Nome pessoal | Rêgo, E.R. |
| 100 ## - ENTRADA PRINCIPAL - NOME PESSOAL | |
| Nome pessoal | Pereira Filho, T.B. |
| 100 ## - ENTRADA PRINCIPAL - NOME PESSOAL | |
| Nome pessoal | Barbosa, R.C. |
| 100 ## - ENTRADA PRINCIPAL - NOME PESSOAL | |
| Nome pessoal | Bezerra, A.K.D. |
| 245 ## - TÍTULO PRINCIPAL | |
| Título principal | Qualidade fisiológica e sanitária de sementes de erva-doce (Foeniculum vulgare Mill.) armazenadas |
| 500 ## - NOTA GERAL | |
| Nota geral | Publicação on-line; 27 ref.; 4 tables; 2 illus.; Summaries (En, Pt) |
| 942 ## - ADDED ENTRY ELEMENTS (KOHA) | |
| Koha item type | |
| 520 ## - NOTA DE RESUMO | |
| Nota de conteúdo | <br/><br/>RESUMO: <br/><br/>A incidência de fungos em sementes interfere negativamente o seu potencial fisiológico,<br/>podendo ter início no campo, durante o armazenamento ou na pós-colheita. Desta forma o objetivo<br/>deste trabalho foi avaliar a qualidade fisiológica e sanitária de sementes de erva-doce armazenadas<br/>em diferentes embalagens. O trabalho foi realizado no Laboratório de análise de sementes da<br/>UFPB, em Areia-PB. As sementes foram colhidas em plantas tratadas e não tratadas com inseticida<br/>Actara, beneficiadas e acondicionadas nas embalagens papel alumínio, saco plástico e vidro.<br/>Em seguida, armazenadas em câmara fria durante 315 dias. Inicialmente e a cada 45 dias foram<br/>realizados as seguintes determinações e testes: teor de água, emergência de plântulas, primeira<br/>contagem de emergência, índice de velocidade de emergência, comprimento e massa seca das<br/>plântulas e sanidade das sementes pelo método "blotter-test". Utilizou-se o delineamento<br/>inteiramente casualizado, com quatro repetições, os tratamentos foram distribuídos em fatorial 2 x 3<br/>x 8 (com e sem inseticida, 3 embalagens e 8 períodos de avaliação). Os resultados indicam que<br/>a qualidade fisiológica das sementes de erva-doce foi principalmente afetada pelo fungo Alternaria<br/>sp., ocorrendo a manutenção da viabilidade das sementes por aproximadamente 95 dias na<br/>embalagem de saco plástico; a aplicação do inseticida Actara mantém a qualidade fisiológica<br/>das sementes de Foeniculum vulgare no armazenamento.<br/><br/>Palavras-chave: deterioração, embalagem, Alternaria sp. |
| 520 ## - NOTA DE RESUMO | |
| Nota de conteúdo | <br/><br/>ABSTRACT: <br/><br/>Physiological and sanitary quality of fennel seeds stored. The fungi incidence<br/>in seeds affect negatively their physiological potential may begin in the field, during storage or in<br/>post-harvest. The objective was to evaluate the sanitary quality of fennel seeds stored in packagings<br/>differents. The study was conducted in laboratory analysis of seeds of UFPB, in Areia-PB. Seeds<br/>were harvested in experimental field with plants treated and untreated with insecticide Actara,<br/>processed and packed in aluminum foil, plastic bag and glass and stored in cold chamber during 315<br/>days. Initially and every 45 days were performed the following tests and determinations: water content,<br/>seedling emergence, first count of emergency, emergency speed index, length and seedling dry<br/>mass and seed health by the "blotter-test." We used a completely randomized design with four<br/>replications, the treatments were distributed in a factorial 2 x 3 x 8. The results indicated that the<br/>physiological quality of fennel seeds was negatively affected by the fungus Alternaria sp., occurring at<br/>maintaining the viability of seeds for about 95 days in the plastic bag packaging; the application of the<br/>insecticide Actara keeps the physiological quality of seeds of Foeniculum vulgare in storage.<br/><br/>Key words: deterioration, packing, Alternaria sp.<br/> |
| 650 ## - ASSUNTO - THESAGRO | |
| Cabeçalho tópico ou nome geográfico | DETERIORAÇÃO |
| 650 ## - ASSUNTO - THESAGRO | |
| Cabeçalho tópico ou nome geográfico | EMBALAGEM |
| 650 ## - ASSUNTO - THESAGRO | |
| Cabeçalho tópico ou nome geográfico | FUNGO |
| 773 0# - ENTRADA ANALÍTICA | |
| Host Biblionumber | 3543 |
| Registro do item | 313993 |
| Imprenta | Botucatu-SP Instituto de Biociências - Departamento de Química e Bioquímica 1998 |
| Outro identificador | 2024-0261 |
| Título | Revista Brasileira de Plantas Medicinais (Brazil) |
| ISSN | 1516-0572 |
| Colação | v. 14(special number) p. 175-182; (2012) |
| Número de controle de registro | BR2024000401 |
| 856 ## - ACESSO E ENDEREÇO ELETRÔNICO | |
| Identificador uniforme de recurso - URI | https://www.scielo.br/j/rbpm/a/bxrL8jCVKGzQCkw5PmpWqnC/?format=pdf&lang=pt |
Nenhum exemplar disponível.

BINAGRI